LEADER 01357nam a2200313 i 4500 001 000000156812 003 CaOOAMICUS 005 20220606162513.0 008 061214s1976 it u000 u mul u 013 $a134167 040 $aSeMil$bita 100 1 $aEichendorff, Joseph : von.$0(OLS)http://semarc/name/61265 240 10$aAus dem Leben eines Taugenichts.$0(OLS)http://semarc/title/229896 245 10$aVita di un perdigiorno /$cJoseph von Eichendorff ; a cura di Giulio Schiavoni ; traduzione di Lydia Magliano ; con le illustrazioni di Franz Stassen. 260 $aMilano :$bRizzoli,$c1976. 300 $a277 p., [6] p. di tav. :$bill. ;$c18 cm. 490 0 $aBUR. L ;$v90 500 $aTesto tedesco a fronte. - Contiene : Bibliografia. - Fondo Ciprandi. 700 1 $aStassen, Franz.$0(OLS)http://semarc/name/61266 700 1 $aMagliano, Lydia.$0(OLS)http://semarc/name/18154 700 1 $aSchiavoni, Giulio.$0(OLS)http://semarc/name/60946 830 0$aBUR ;$v90.$0(OLS)http://semarc/title/440060 850 $aSeMil 852 $aSeMil$W1$xVenegono$y1$m1U I 39$j108561$B108561$CSeMilBibl$Z2$F118112 $81 941 1 $a1 961 $aOmaggio: Ciprandi dott. Paolo 996 $6245$aVita di un perdigiorno$9(OLS)http://semarc/title/229895 996 $6260$aMilano :$bRizzoli$9(OLS)http://semarc/publisher/29824 LEADER 01219nam a2200241 i 4500 001 000000185028 003 CaOOAMICUS 005 20100125000000.0 008 100125s1965 sp u000 u spa u 013 $a163021 040 $aSeMil$bita 100 1 $aLopetegui, Leon.$0(OLS)http://semarc/name/67966 240 10$aMéxico ; América Central ; Antillas.$0(OLS)http://semarc/title/265743 245 10$aHistoria de la Iglesia en la América española :$bDesde el Descubrimiento hasta comienzos del siglo 19. /$cPor Leon Lopetegui ; Félix Zubillaga. 260 $aMadrid :$bBiblioteca de autores cristianos,$c1965. 300 $aLIX, 945 p., 48 p. di tav. ;$c20 cm. 490 0 $aBiblioteca de autores cristianos 700 1 $aZubillaga, Félix .$0(OLS)http://semarc/name/29461 830 0$aBiblioteca de autores cristianos.$0(OLS)http://semarc/title/428 850 $aSeMil 852 $aSeMil$W1$xVenegono$y1$m2S V 175$j135719$B135719$CSeMilBibl$Z2$F147266 $81 996 $6245$aHistoria de la Iglesia en la América española :$bDesde el Descubrimiento hasta comienzos del siglo 19.$9(OLS)http://semarc/title/265742 996 $6260$aMadrid :$bBiblioteca de autores cristianos$9(OLS)http://semarc/publisher/29784